000 00383nam a22001697a 4500
003 MPLRDC
005 20220104143212.0
008 210129b ||||| |||| 00| 0 eng d
082 _a868.71 NYSB*
100 _a南洋商报
245 _a粉红色的人生
_c
250 _a初版
260 _a
_b南洋商报
_c1986
300 _b
650 _a
942 _cBK
_o868.71 NYSB*
999 _c37600
_d37590